| LEADER | 00460nam a2200157Ia 4500 | ||
|---|---|---|---|
| 001 | CTU_55808 | ||
| 008 | 210402s9999 xx 000 0 und d | ||
| 082 | |a 639 | ||
| 082 | |b R245 | ||
| 100 | |a FAO | ||
| 245 | 0 | |a Report of the fourth session of the advisory committee on fisheries research, Rome, 10 - 13 December 2002 | |
| 260 | |a Rome, Italy | ||
| 260 | |b FAO | ||
| 260 | |c 2003 | ||
| 650 | |a fishery | ||
| 980 | |a Trung tâm Học liệu Trường Đại học Cần Thơ | ||